00445nam a2200169Ia 450000500170000000800410001702000270005804000190008504100120010408200130011610000250012924500540015426000280020830000110023665000180024785000100026520240827091813.0131103s9999 xx 000 0 und d a033390 006 5cRs.22.00 aLoreto College aEnglish a822bTAG aTagore, Rabindranath 4aThe King of the dark chambercRabindranath Tagore aLondonbMacmillanc1992 a105p.  aBengali drama aLCBED